000 00515nam a2200193 a 4500
001 33376
005 20180714001257.0
008 140415s1982 000 0 spa d
020 _a8423901874
041 _aspa
082 _a868
_bRAN
100 1 _aRAMON Y CAJAL, S.
245 1 0 _aCHARLAS DE CAFE :
_bPENSAMIENTOS, ANECDOTAS Y CONFIDENCIAS
250 _a11a ed.
260 _a[s.l.] :
_bESPASA-CALPE,
_c1982
300 _a275
490 _aAUSTRAL
_v187
650 1 4 _aANECDOTAS
_xCONFERENCIAS
999 _c33376
_d33376